000 01156cam a22002894a 4500
999 _c127606
_d127606
001 13529123
003 ARRUPE
005 20180313144059.0
008 040319s2005 nyu b 001 0 eng
010 _a 2004045399
020 _a0791463613 (alk. paper)
020 _a0791463621 (pbk. : alk. paper)
040 _aDLC
_cDLC
_dDLC
042 _apcc
050 0 0 _aJV305
_b.P67 2005
082 0 0 _a305.809
_222
245 0 0 _aPostcolonial whiteness :
_ba critical reader on race and empire /
_cedited by Alfred J. Lopez.
260 _aAlbany :
_bState University of New York Press,
_cc2005.
300 _ax, 261 p. ;
_c23 cm.
504 _aIncludes bibliographical references and index.
650 0 _aIndigenous peoples.
_91835
650 0 _aPostcolonialism.
_940519
650 0 _aRacism.
_93380
650 0 _aWhites
_xRace identity.
_940520
700 1 _aLópez, Alfred J.,
_d1962-
_940521
906 _a7
_bcbc
_corignew
_d1
_eocip
_f20
_gy-gencatlg
942 _2lcc
_cMONOGRAPH